<?xml version="1.0" encoding="UTF-8"?>
<marc:record xmlns:marc="http://www.loc.gov/MARC21/slim">
   <marc:leader>00000nam a2200000 a 4500</marc:leader>
   <marc:datafield ind1=" " ind2=" " tag="653">
      <marc:subfield code="a">DVD</marc:subfield>
   </marc:datafield>
   <marc:datafield ind1=" " ind2=" " tag="653">
      <marc:subfield code="a">Krankheit</marc:subfield>
   </marc:datafield>
   <marc:datafield ind1=" " ind2=" " tag="653">
      <marc:subfield code="a">Schicksal</marc:subfield>
   </marc:datafield>
   <marc:datafield ind1=" " ind2=" " tag="653">
      <marc:subfield code="a">Lähmung</marc:subfield>
   </marc:datafield>
   <marc:datafield ind1="0" ind2="0" tag="245">
      <marc:subfield code="a">Schmetterlinge und Taucherglocke</marc:subfield>
   </marc:datafield>
   <marc:datafield ind1=" " ind2="1" tag="264">
      <marc:subfield code="b">Pathé Renn Prod.</marc:subfield>
      <marc:subfield code="c">2008</marc:subfield>
   </marc:datafield>
   <marc:datafield ind1="1" ind2=" " tag="520">
      <marc:subfield code="a">Der Chefredakteur der französischen Elle erleidet im Alter von 43 Jahren einen Hirnschlag  -  Bis auf sein linkes Auge komplett gelähmt,  gelingt es ihm, mit Hilfe seiner Logopädin, wieder Kontakt zur Außenwelt aufzunehmen: Durch Blinzeln verständigt er sich über eine Buchstabentafel und diktiert auf diese Weise  seiner Assistentin  in 14 Monaten seine Memoiren. ...  emotional bewegend
4 Oscar-Nominierungen und 2 Golden Globes</marc:subfield>
   </marc:datafield>
   <marc:datafield ind1="3" ind2=" " tag="024">
      <marc:subfield code="a">4260170490025</marc:subfield>
   </marc:datafield>
</marc:record>
